SISTEMA DE BIBLIOTECAS
Carmen Mendoza De Cornielle

Constitución de la República Dominicana: Ley Electoral no. 275/97 y Modificaciones: (Registro nro. 16252)

Detalles MARC
000 -CABECERA
campo de control de longitud fija 01689nam a2200277 i 4500
001 - NÚMERO DE CONTROL
campo de control 16252
003 - IDENTIFICADOR DEL NÚMERO DE CONTROL
campo de control DO-SdUEMH
005 - FECHA Y HORA DE LA ÚLTIMA TRANSACCIÓN
campo de control 20260127174222.0
007 - CAMPO FIJO DE DESCRIPCIÓN FÍSICA--INFORMACIÓN GENERAL
campo de control de longitud fija ta
008 - DATOS DE LONGITUD FIJA--INFORMACIÓN GENERAL
campo de control de longitud fija 211105s9999||||dr |||gr|||| 0|| | spa d
040 ## - FUENTE DE LA CATALOGACIÓN
Centro catalogador/agencia de origen DO-SdUEMH
Lengua de catalogación spa
Normas de descripción rda
041 ## - CÓDIGO DE LENGUA
Código de lengua del texto/banda sonora o título independiente spa
082 14 - NÚMERO DE LA CLASIFICACIÓN DECIMAL DEWEY
Número de clasificación RD342.072 R426L 2003
Colección Colección Dominicana
084 ## - OTRO NÚMERO DE CLASIFICACIÓN
Item number 10-00078
110 ## - ENTRADA PRINCIPAL--NOMBRE DE ENTIDAD CORPORATIVA
Nombre de entidad corporativa o nombre de jurisdicción como elemento de entrada República Dominicana: Junta Central Electoral
245 #0 - MENCIÓN DE TÍTULO
Título Constitución de la República Dominicana: Ley Electoral no. 275/97 y Modificaciones:
Resto del título reglamento interno JCE
260 ## - PUBLICACIÓN, DISTRIBUCIÓN, ETC.
Date of publication, distribution, etc. 2003
264 #1 - PRODUCCIÓN, PUBLICACIÓN, DISTRIBUCIÓN, FABRICACIÓN Y COPYRIGHT
Lugar de producción, publicación, distribución, fabricación Santo Domingo, República Dominicana :
Fecha de producción, publicación, distribución, fabricación o copyright ©2003
300 ## - DESCRIPCIÓN FÍSICA
Extensión 220 páginas :
Dimensiones 20 cm.
336 ## - TIPO DE CONTENIDO
Fuente rdacontent
Término de tipo de contenido texto
Código de tipo de contenido txt
337 ## - TIPO DE MEDIO
Fuente rdamedia
Nombre del tipo de medio sin mediación
Código del tipo de medio n
338 ## - TIPO DE SOPORTE
Fuente rdacarrier
Nombre del tipo de soporte volumen
Código del tipo de soporte nc
505 #2 - NOTA DE CONTENIDO CON FORMATO
Nota de contenido con formato de la nación, de su soberanía y de su gobierno -- del territorio -- del régimen económico y social fronterizo -- de los derechos individuales y sociales -- de los deberes -- derechos políticos de la nacionalidad -- de la ciudadanía -- del poder legislativo -- del senado -- de la cámara de diputados -- disposiciones comunes a ambas cámaras -- del congreso -- de la formación y efecto de las leyes -- del poder ejecutivo -- de los secretarios del estado -- de la suprema corte de justicia -- de las cortas de apelación -- del tribunal de tierras -- de los juzgados primera instancia -- de los jugados de paz -- de la cámara de cuentas -- del distrito nacional y de los municipios -- del régimen de las provincias -- de las asambleas electorales -- de las fuerzas armadas -- disposiciones generales -- de las reformas constitucionales -- disposiciones transitorias.
942 ## - ELEMENTOS DE PUNTO DE ACCESO ADICIONAL (KOHA)
Fuente del sistema de clasificación o colocación Dewey Decimal Classification
Tipo de ítem Koha Libro
Suprimir en OPAC No
Existencias
Estado de retiro Estado de pérdida Fuente del sistema de clasificación o colocación Estado dañado Disponibilidad para préstamo Código de colección Localización permanente Ubicación/localización actual Fecha de adquisición Fuente de adquisición Total de préstamos Signatura topográfica completa Código de barras Fecha visto por última vez Precio válido a partir de Tipo de ítem Koha
    Dewey Decimal Classification   Disponible para préstamo Colección Dominicana UNIREMHOS SEDE UNIREMHOS SEDE 01/27/2026 Donación   RD UNIREMHOS-SED936 11/05/2021 11/05/2021 Libro
UNIREMHOS

Av. Abraham Lincoln no. 126, casi esq. José Contreras,
Santo Domingo, República Dominicana

Correo: info@uniremhos.edu.do

Tel.: (809) 532-3739

Horario: Lunes a Viernes: 8:00 am - 6:00 pm | Sábados: 8:00 am - 12:00 m

📍 Ubicación
UNEFA

Av. 27 de Febrero no. 52, El Vergel,
Santo Domingo, República Dominicana

Tel.: (809) 530-0224

📍 Ubicación
UFHEC

Av. Máximo Gómez esq. César Nicolás Penson, La Esperilla,
Santo Domingo, República Dominicana

Tel.: (809) 537-6000

📍 Ubicación